Normal view
MARC view
Entry Personal Name
001 - CONTROL NUMBER
- control field: 17002
003 - CONTROL NUMBER IDENTIFIER
- control field: OSt
005 - DATE AND TIME OF LATEST TRANSACTION
- control field: 20151027151117.0
008 - FIXED-LENGTH DATA ELEMENTS
- fixed length control field: 151027|| aca||aabn | a|a d
040 ## - CATALOGING SOURCE
- Original cataloging agency: OSt
- Transcribing agency: OSt
100 ## - HEADING--PERSONAL NAME
- Personal name: Mukhpoadhyaya, Ramrshchandra
670 ## - SOURCE DATA FOUND
- Source citation: Work cat.: (OSt)44450: Mukhpoadhyaya, Ramrshchandra, A study Gitas in the Mahabharata, 2009









